| 000 | 00720cam a2200205 a 4500 | ||
|---|---|---|---|
| 001 | 000008267 | ||
| 005 | 20200929161324.0 | ||
| 008 | 810323s1929 ag 000 1 spa | ||
| 040 |
_aDO-SdBNP _bspa _cBNPHU |
||
| 082 |
_aA863.44 _bG182j |
||
| 100 | 1 |
_aGalvez, Manuel, _d1882-1962. _922398 |
|
| 245 | 1 | 0 |
_aJornadas de agonÃa : _bnovela / _cManuel Galvez. |
| 260 |
_aBuenos Aires : _bTor, _c1929. |
||
| 300 |
_a176 p. ; _c19 cm. |
||
| 490 | 1 |
_aEscenas de la guerra del Paraguay. _vno. III |
|
| 650 | 4 |
_aNovela argentina _93941 |
|
| 650 | 4 |
_aLiteratura argentina _93860 |
|
| 830 | 0 |
_aEscenas de la guerra del Paraguay ; _vno. III _922399 |
|
| 800 | 1 |
_aGalvez, Manuel, _d1882-1962. _tEscenas de la guerra del Paraguay. _vIII. _922400 |
|
| 999 |
_c8038 _d8038 |
||